00721nam a22002057a 4500003000500000005001700005008004100022010001100063011001100074035001100085040000900096100003100105245016100136260003600297300002300333502008000356650002400436650003000460650002500490CHAP20220329143821.0110930s2010 mx r 00010 spa d a102276 a103248 a113937 cCHAP1 aFlores Jimón, Esmeralda.10aEtiología y control in vitro de la pudrición del tallo y mancha foliar de la margarita [Callistephus chinensis (L.) Ness]c/por Esmeralda Flores Jimón aCocula, Gro. :bEl autor,c2010 axi, 76 h. :bilus. aTesis (Ing. Agr. Fitotecnista) -- CSAEGRO. Centro de Estudios Profesionales14aCultivosxGuerrero.14aMargaritaxMancha foliar.14aTallosxpudrición.